000 01315nam a2200265Ia 4500
001 22024
005 20260327112403.0
008 260320s9999||||xx |||||||||||||| ||und||
020 _a9786123226398
041 _aESP
082 _a657.45
_bV49
100 _aVergara Silva, Mario Miguel,
_eAUT
245 0 _aNormas globales de auditoría interna :
_baplicación práctica
250 _aPrimera edición
260 _aLima :
_bInstituto Pacífico,
_c2025
300 _a461 páginas :
_bfotografías, cuadros ;
_c25 cm.
650 _aTCA
653 _aAuditoria interna - Normas; Control interno; COSO ERM; Auditores - Ética profesional
654 _aCCO
856 _uhttps://itmsp.museknowledge.com/UCSP?url=https://www.ebooks7-24.com:443/?il=8830&pg=1
_zVéase además: Auditoría interna por Carmen Karina Tapia Iturriaga. Versión digital
856 _uhttps://0u213uci5-y-https-ebooks7--24-com.itmsp.museknowledge.com/biblioteca.aspx
_zVéase además: Base de datos Ebook7-24
856 _uhttps://0u21cucjw-y-https-www-legismovil-pe.itmsp.museknowledge.com/interm/InterUCSanPablo.htm
_zVéase además: Base de datos LegisMóvil
856 _uhttps://0u219nv5q-y-https-legal-legis-com-pe.itmsp.museknowledge.com/home/Corporativo
_zVéase además: Base de datos Multilegis
942 _cLIB
_dJUS
_fMAT
_2ddc
999 _c22024
_d22024